Engineering methods for robust product design : (Record no. 594511)

000 -LEADER
fixed length control field 01358cam a2200313 a 4500
001 - CONTROL NUMBER
control field 3978584
005 - DATE AND TIME OF LATEST TRANSACTION
control field 20230414124249.0
008 - FIXED-LENGTH DATA ELEMENTS--GENERAL INFORMATION
fixed length control field 950331s1995 maua b 001 0 eng
010 ## - LIBRARY OF CONGRESS CONTROL NUMBER
LC control number 95015970
020 ## - INTERNATIONAL STANDARD BOOK NUMBER
International Standard Book Number 0201633671 (alk. paper)
040 ## - CATALOGING SOURCE
Original cataloging agency DLC
Transcribing agency DLC
Modifying agency DLC
050 00 - LIBRARY OF CONGRESS CALL NUMBER
Classification number TS156
Item number .F68 1995
082 00 - DEWEY DECIMAL CLASSIFICATION NUMBER
Classification number 658.5
Edition number 20
Author Mark FOW
100 1# - MAIN ENTRY--PERSONAL NAME
Personal name Fowlkes, William Y.,
Dates associated with a name 1954-
9 (RLIN) 111910
245 10 - TITLE STATEMENT
Title Engineering methods for robust product design :
Remainder of title using Taguchi methods in technology and product development /
Statement of responsibility, etc. William Y. Fowlkes, Clyde M. Creveling ; with WinRobust software written by John Derimiggio ; [foreword by George M.C. Fisher].
260 ## - PUBLICATION, DISTRIBUTION, ETC.
Place of publication, distribution, etc. Reading, Mass. :
Name of publisher, distributor, etc. Addison-Wesley Pub. Co.,
Date of publication, distribution, etc. c1995.
300 ## - PHYSICAL DESCRIPTION
Extent xxiv, 403 p. :
Other physical details ill. ;
Dimensions 25 cm. +
Accompanying material 1 computer disk (3 1/2 in.).
440 #0 - SERIES STATEMENT/ADDED ENTRY--TITLE
Title Engineering process improvement series
9 (RLIN) 99573
504 ## - BIBLIOGRAPHY, ETC. NOTE
Bibliography, etc. note Includes bibliographical references (p. 389-393) and index.
630 00 - SUBJECT ADDED ENTRY--UNIFORM TITLE
Uniform title WinRobust.
9 (RLIN) 111911
650 #0 - SUBJECT ADDED ENTRY--TOPICAL TERM
Topical term or geographic name entry element Taguchi methods (Quality control)
9 (RLIN) 44765
650 #0 - SUBJECT ADDED ENTRY--TOPICAL TERM
Topical term or geographic name entry element Industrial design.
650 #0 - SUBJECT ADDED ENTRY--TOPICAL TERM
Topical term or geographic name entry element New products.
650 #0 - SUBJECT ADDED ENTRY--TOPICAL TERM
Topical term or geographic name entry element Product design.
700 1# - ADDED ENTRY--PERSONAL NAME
Personal name Creveling, Clyde M.,
Dates associated with a name 1956-
9 (RLIN) 111912
906 ## - LOCAL DATA ELEMENT F, LDF (RLIN)
a 7
b cbu
c orignew
d 1
e ocip
f 19
g y-gencatlg
942 ## - ADDED ENTRY ELEMENTS (KOHA)
Source of classification or shelving scheme
Koha item type Book
Holdings
Withdrawn status Lost status Source of classification or shelving scheme Damaged status Not for loan Permanent Location Current Location Shelving location Date acquired Total Checkouts Full call number Barcode Date last seen Price effective from Koha item type
          School of Mechanical & Manufacturing Engineering (SMME) School of Mechanical & Manufacturing Engineering (SMME) General Stacks 04/14/2023   658.5 FOW SMME-3783 04/14/2023 04/14/2023 Book
© 2023 Central Library, National University of Sciences and Technology. All Rights Reserved.